000 00914nam a22002297a 4500
999 _c13044
_d13044
003 AR-CdUCM
008 190411b ||||| |||| 00| 0 spa d
040 _aMUNICIPALIDAD PROVINCIAL DEL CUSCO
_cBIBLIOTECA MUNICIPAL DEL CUSCO
082 _a921.4 /
_bB82
100 _aBernard Grenet, Paul
_931226
245 _aTeilhard de Chardin filosofo a pesar suyo /
260 _aBuenos Aires :
_bPaulinas,
_c1965.
300 _a251 páginas ;
_c21 cm.
440 _aAlfa y omega problemas espirituales y temporales del hombre moderno
_n23
_931227
505 _aContenido : Primer análisis -- Lo que Teilhard de Chardin nos puede hacer reencontrar -- Las grandezas y la debilidad -- Los instrumentos filosóficos insuficientes ...
650 _aFilosofía
_9395
650 _aBiografía
_922
650 _aHombre
_9838
700 _aLopez Salgado, Cesáreo
_931228
942 _2ddc
_cLIBROS
945 _arah
_d11/04/2019